000 00533nam a22001817a 4500
999 _c4575
_d4575
003 GBCCL
005 20241126110521.0
008 180124b xxu||||| |||| 00| 0 eng d
040 _cgbc
082 _a227.5007
_bMAC
100 _aMacArthur, John
_98028
245 _aTurning on Spiritual Power:
_bEphesians 3:14-21 /
_cJohn MacArthur
260 _aPanorama:
_bWord of Grace Communications,
_c1981
300 _a40 p.;
_bill.,
_c23 cm.
440 _aStudy Notes
_98454
650 _aBible
_vN.T.
_vEphesians
_xStudy
_98450
942 _2ddc
_cBK